<?xml version="1.0" encoding="UTF-8"?><?xml-stylesheet type="text/xsl" href="static/style.xsl"?><OAI-PMH xmlns="http://www.openarchives.org/OAI/2.0/" xmlns:xsi="http://www.w3.org/2001/XMLSchema-instance" xsi:schemaLocation="http://www.openarchives.org/OAI/2.0/ http://www.openarchives.org/OAI/2.0/OAI-PMH.xsd"><responseDate>2026-04-27T19:59:46Z</responseDate><request verb="GetRecord" identifier="oai:uvadoc.uva.es:10324/1804" metadataPrefix="marc">https://uvadoc.uva.es/oai/request</request><GetRecord><record><header><identifier>oai:uvadoc.uva.es:10324/1804</identifier><datestamp>2021-12-01T09:31:21Z</datestamp><setSpec>com_10324_38</setSpec><setSpec>col_10324_852</setSpec></header><metadata><record xmlns="http://www.loc.gov/MARC21/slim" xmlns:doc="http://www.lyncode.com/xoai" xmlns:xsi="http://www.w3.org/2001/XMLSchema-instance" xmlns:dcterms="http://purl.org/dc/terms/" xsi:schemaLocation="http://www.loc.gov/MARC21/slim http://www.loc.gov/standards/marcxml/schema/MARC21slim.xsd">
<leader>00925njm 22002777a 4500</leader>
<datafield tag="042" ind1=" " ind2=" ">
<subfield code="a">dc</subfield>
</datafield>
<datafield tag="720" ind1=" " ind2=" ">
<subfield code="a">García García, Beatriz</subfield>
<subfield code="e">author</subfield>
</datafield>
<datafield tag="260" ind1=" " ind2=" ">
<subfield code="c">2012</subfield>
</datafield>
<datafield tag="520" ind1=" " ind2=" ">
<subfield code="a">En este Trabajo Fin de Grado, ponemos de manifiesto la importancia de la oralidad en la escuela, principalmente en las primeras etapas educativas.&#xd;
Nos centramos en la adquisición y desarrollo de la competencia lingüística y de la competencia comunicativa, ya que es el eje central del desarrollo del niño de 2 º ciclo de Educación Infantil y facilita la adquisición del resto de aprendizajes. Por su importancia, definimos el concepto de competencia comunicativa, su génesis, componentes y supuestos teóricos que lo sustentan.&#xd;
Definimos el término "competencias" importado del Consejo de Europa, por el cambio que ha supuesto para todo nuestro sistema educativo actual. Consultamos,también, las directrices ministeriales y el currículo para el 2 º ciclo de Educación Infantil. El Decreto de Enseñanzas Mínimas, etc. Es decir, la Ley Orgánica de Educación (LOE).&#xd;
Finalmente, proponemos una intervención en el aula del primer nivel del segundo ciclo de Educación Infantil (tres años), utilizando el cuento como instrumento motivador del desarrollo de los principales componentes del lenguaje: fonético-fonológico, morfosintáctico, léxico-semántico y pragmático.</subfield>
</datafield>
<datafield tag="024" ind2=" " ind1="8">
<subfield code="a">http://uvadoc.uva.es/handle/10324/1804</subfield>
</datafield>
<datafield ind1=" " ind2=" " tag="653">
<subfield code="a">Comunicación oral</subfield>
</datafield>
<datafield ind1=" " ind2=" " tag="653">
<subfield code="a">Lenguaje - Adquisición</subfield>
</datafield>
<datafield ind1=" " ind2=" " tag="653">
<subfield code="a">Comunicación - Estudio y Enseñanza (Infantil)</subfield>
</datafield>
<datafield ind1=" " ind2=" " tag="653">
<subfield code="a">Cuentos - Estudio y Enseñanza (Infantil)</subfield>
</datafield>
<datafield tag="245" ind1="0" ind2="0">
<subfield code="a">Adquisición de la competencia en comunicación lingüística en los alumnos de 2º ciclo de Educación Infantil : el cuento como elemento motivador de las áreas principales del lenguaje</subfield>
</datafield>
</record></metadata></record></GetRecord></OAI-PMH>